000 01519nam a2200349 c 4500
003 BLK
005 20180422113500.0
008 180410b bul|||||r ||||||| ||bul||
010 _aKNG00163760000
040 _aBLK
041 _aBUL
_cBUL
080 _aМеждународни политически отношения. Световна политика. Международна политика. Дипломация
_b327
_x(73)
_z327(73)
100 1 _aПалавеев, Чавдар
_eпърви автор
_9381289
139 _aПалавеев, Чавдар
_bП 16
245 1 0 _aВнимание ИСО
_bПрограма за "звездни войни" : Полит. очерк
_cЧавдар Палавеев.
257 _aBGR
260 София
_bНар. младеж
_c1988
300 _a144 с.
_bсъс сх., 4 л. цв. ил.
_c20 см
380 _a3
490 1 _aБиблиотека Време
500 _aОфс. изд. - 5 150 тир. - Библиогр. под линия.
650 4 _aКосмическо пространство - използване
_9159534
650 4 _aСАЩ - външна политика
_9246834
653 _aСАЩ
653 _aвъншна политика
653 _aочерци
852 _aЦб 157157
856 4 _qpdf
_u
856 4 _qpdf
_u
942 _cKNG
_n0
944 _aCR
_c25.07.2014
_l25.07.2014 - от С1,Р / 25.07.2014
_kРадостина_Карадакова
944 _aED
_c15.03.2018
_l25.07.2014 - от С1,Р / 25.07.2014
_kСимона_Петрова
999 _c156913
_d156913